[Event "TCh-CHN 2012"]
[Site "Taizhou CHN"]
[Date "2012.06.27"]
[Round "5"]
[White "Gong, Qianyun"]
[Black "Munguntuul, Batkhuyag"]
[Result "1-0"]
[WhiteTitle "WIM"]
[BlackTitle "IM"]
[WhiteElo "2302"]
[BlackElo "2451"]
[WhiteTeam "Qingdao"]
[BlackTeam "Guangdong"]
[WhiteFideId "8602425"]
[BlackFideId "4900758"]
[EventDate "2012.04.28"]

1. d4 d5 2. Nc3 Nf6 3. Bg5 e6 4. e4 dxe4 5. Nxe4 Be7 6. Bxf6 Bxf6 7. Nf3 O-O 8.
c3 b6 9. Bd3 Bb7 10. Qc2 Be7 11. h4 f5 12. Ned2 Bd5 13. O-O-O Nc6 14. Rde1 Kh8
15. Bc4 Bxc4 16. Nxc4 Qd5 17. Qb3 Bf6 18. Re2 a5 19. a4 Rab8 20. Qb5 Rbd8 21.
Rhe1 Na7 22. Qb3 c5 23. dxc5 Qxc5 24. Nxb6 e5 25. Nxe5 Bxe5 26. Rxe5 Qxf2 27.
Nd5 Nc6 28. R5e2 Qxh4 29. Qb5 Qg5+ 30. Kb1 f4 31. Nxf4 Qxf4 32. Qxc6 h6 33. Qe4
Qf6 34. Ka1 Qd6 35. Qe5 Rf4 36. Qxd6 Rxd6 37. Re4 Rdf6 38. Ka2 h5 39. Ka3 h4 40.
Re5 R6f5 41. Rxf5 Rxf5 42. Rh1 Rh5 43. b4 g5 44. bxa5 Rh6 45. Kb4 1-0

[Event "TCh-CHN 2012"]
[Site "Taizhou CHN"]
[Date "2012.06.27"]
[Round "5"]
[White "Li, Shilong"]
[Black "Mu, Ke"]
[Result "1-0"]
[WhiteTitle "GM"]
[WhiteElo "2549"]
[BlackElo "2286"]
[WhiteTeam "Guangdong"]
[BlackTeam "Qingdao"]
[WhiteFideId "8600678"]
[BlackFideId "8602778"]
[EventDate "2012.04.28"]

1. d4 d5 2. c4 e6 3. Nc3 Be7 4. Nf3 Nf6 5. Bg5 h6 6. Bxf6 Bxf6 7. e3 c6 8. Qc2
Nd7 9. O-O-O Qa5 10. Kb1 Nb6 11. Nd2 dxc4 12. Nxc4 Nxc4 13. Bxc4 O-O 14. Ne4 Be7
15. g4 e5 16. dxe5 Qxe5 17. f4 Qa5 18. Rhg1 Kh8 19. h4 b5 20. Bb3 c5 21. Bd5 Rb8
22. Ng5 Bxg5 23. hxg5 Qb6 24. gxh6 g6 25. g5 Kh7 26. Qc3 f6 27. Be4 Qe6 28.
Bxg6+ Kxg6 29. gxf6+ 1-0

[Event "TCh-CHN 2012"]
[Site "Beijing CHN"]
[Date "2012.06.28"]
[Round "6"]
[White "Wang, Jue"]
[Black "Danielian, Elina"]
[Result "1-0"]
[BlackTitle "GM"]
[WhiteElo "2366"]
[BlackElo "2478"]
[WhiteTeam "Beijing"]
[BlackTeam "Tianjin"]
[WhiteFideId "8604070"]
[BlackFideId "13300210"]
[EventDate "2012.04.28"]

1. e4 c6 2. d4 d5 3. Nc3 dxe4 4. Nxe4 Nd7 5. Ng5 Ngf6 6. Bd3 e6 7. N1f3 Bd6 8.
Qe2 h6 9. Ne4 Nxe4 10. Qxe4 Nf6 11. Qe2 Qc7 12. Bd2 b6 13. O-O-O Bb7 14. Kb1
O-O-O 15. c4 Kb8 16. Bc3 Ka8 17. Bc2 c5 18. Ne5 cxd4 19. Bxd4 Rhf8 20. f3 Rc8
21. b3 Rfd8 22. Bb2 Qe7 23. Rd2 Bb4 24. Rxd8 Rxd8 25. Rd1 Rxd1+ 26. Qxd1 a5 27.
Nd3 Bd6 28. Qg1 Qc7 29. Bd4 Nd7 30. Bxg7 Bxh2 31. Qd4 f5 32. Bxh6 e5 33. Qh4 Bg1
34. Qe1 Bd4 35. Be3 Qd6 36. Nf2 f4 37. Ne4 Bxe4 38. Bxe4+ Kb8 39. Qh4 Kc7 40.
Bxd4 Qxd4 41. Qe1 Nc5 42. Kc2 a4 43. Qh4 a3 44. Qe7+ Nd7 45. Qxa3 Qf2+ 46. Kb1
Qxg2 47. Qa4 Qg1+ 48. Kb2 Qd4+ 49. Ka3 Qc5+ 50. Kb2 Qd4+ 51. Ka3 Qc5+ 52. Qb4
Qe3 53. Kb2 Nc5 54. Qc3 Qf2+ 55. Bc2 Kd6 56. Ka3 Qe3 57. Kb2 Qf2 58. Ka3 Qe3 59.
Kb2 Qf2 60. Qb4 Kc6 61. Qc3 Kd6 62. Kc1 Qg1+ 63. Bd1 Ne6 64. Qb4+ Qc5 65. Qd2+
Nd4 66. Kb2 Kc7 67. Qd3 Qb4 68. Qc3 Qd6 69. Bc2 Qh6 70. Be4 Qh2+ 71. Ka3 Qf2 72.
Qb4 Kd7 73. c5 Nc2+ 74. Bxc2 Qxc2 75. Qxb6 e4 76. Qd6+ Ke8 77. Qe6+ Kd8 78. Qd6+
Ke8 79. c6 exf3 80. c7 f2 81. Qe6+ 1-0

[Event "TCh-CHN 2012"]
[Site "Beijing CHN"]
[Date "2012.06.28"]
[Round "6"]
[White "Zhao, Xue"]
[Black "Ning, Chunhong"]
[Result "1-0"]
[WhiteTitle "GM"]
[BlackTitle "WGM"]
[WhiteElo "2543"]
[BlackElo "2328"]
[WhiteTeam "Beijing"]
[BlackTeam "Tianjin"]
[WhiteFideId "8601283"]
[BlackFideId "8600376"]
[EventDate "2012.04.28"]

1. d4 d6 2. Nf3 Bg4 3. Nbd2 Nd7 4. g3 Ngf6 5. Bg2 c6 6. O-O e5 7. b3 Be7 8. Bb2
Qc7 9. c4 O-O 10. Qc2 Rfe8 11. e4 Bf8 12. Rfe1 a5 13. a3 Rac8 14. c5 exd4 15.
cxd6 Qxd6 16. Nxd4 Qc5 17. Nc4 Nb6 18. h3 Nxc4 19. bxc4 Be6 20. Rac1 Rcd8 21. e5
Nd7 22. Kh2 Nxe5 23. f4 Ng6 24. f5 Rxd4 25. Bxd4 Qxd4 26. fxe6 Rxe6 27. Rxe6
fxe6 28. c5 Qe3 29. Qc4 Kh8 30. Rc3 Qe5 31. Rc2 Qe3 32. Re2 Qxa3 33. Qxe6 Qxc5
34. Qe8 a4 35. Be4 a3 36. Kg2 Kg8 37. Bb1 Qd5+ 38. Kh2 c5 39. Rf2 Qd6 40. Ba2+ 1-0

[Event "TCh-CHN 2012"]
[Site "Beijing CHN"]
[Date "2012.06.28"]
[Round "6"]
[White "Nie, Xin"]
[Black "Huang, Qian"]
[Result "0-1"]
[BlackTitle "WGM"]
[WhiteElo "2053"]
[BlackElo "2399"]
[WhiteTeam "Chengdu"]
[BlackTeam "Chongqing"]
[WhiteFideId "8605610"]
[BlackFideId "8602689"]
[EventDate "2012.04.28"]

1. d4 d6 2. c4 g6 3. Nc3 Bg7 4. e4 e5 5. d5 Nf6 6. f3 O-O 7. Be3 Nh5 8. g4 Nf4
9. Qd2 Qh4+ 10. Bf2 Qe7 11. O-O-O f5 12. gxf5 gxf5 13. Be3 Nd7 14. Nge2 Nf6 15.
Ng3 fxe4 16. Ncxe4 Nxe4 17. Nxe4 Bf5 18. Rg1 Kh8 19. Re1 Bxe4 20. fxe4 Qh4 21.
Rg3 b6 22. Bg2 Bh6 23. Bh3 Rg8 24. Rxg8+ Rxg8 25. Bf1 Rg1 26. Rd1 Rh1 27. h3 Qg3
28. Kb1 Qf3 29. Qc1 Nd3 0-1

[Event "TCh-CHN 2012"]
[Site "Beijing CHN"]
[Date "2012.06.28"]
[Round "6"]
[White "Wang, Chen"]
[Black "Liu, Guanchu"]
[Result "1/2-1/2"]
[WhiteTitle "IM"]
[WhiteElo "2490"]
[BlackElo "2260"]
[WhiteTeam "Chongqing"]
[BlackTeam "Chengdu"]
[WhiteFideId "8601020"]
[BlackFideId "8603901"]
[EventDate "2012.04.28"]

1. e4 Nf6 2. Nc3 d5 3. exd5 Nxd5 4. Bc4 c6 5. Qf3 Be6 6. Ne4 Nc7 7. d3 Bxc4 8.
dxc4 Ne6 9. Ne2 g6 10. h4 Bg7 11. Ng5 Nxg5 12. hxg5 Nd7 13. Nc3 Ne5 14. Qe4 Qa5
15. Be3 O-O-O 16. c5 f5 17. gxf6 exf6 18. Qa4 Qxa4 19. Nxa4 Ng4 20. Rd1 Nxe3 21.
fxe3 h5 22. b4 f5 23. Ke2 Rhe8 24. Rxd8+ Kxd8 25. Rd1+ Ke7 26. c4 Kf7 27. Kf2
Be5 28. b5 Ke6 29. Rd3 Rc8 30. Rb3 g5 31. Nb2 cxb5 32. Rxb5 Bxb2 33. Rxb2 Rc7
34. Rb5 h4 35. c6 bxc6 36. Rc5 g4 37. a4 Kf6 38. a5 a6 39. Kf1 Rc8 40. Kf2 Rc7
41. Kf1 Ke6 42. Kf2 Rc8 43. Kf1 Rc7 44. Kf2 1/2-1/2

[Event "TCh-CHN 2012"]
[Site "Beijing CHN"]
[Date "2012.06.28"]
[Round "6"]
[White "Gao, Rui"]
[Black "Chen, Fan"]
[Result "1/2-1/2"]
[WhiteTitle "IM"]
[BlackTitle "FM"]
[WhiteElo "2417"]
[BlackElo "2375"]
[WhiteTeam "Chongqing"]
[BlackTeam "Chengdu"]
[WhiteFideId "8602387"]
[BlackFideId "8600767"]
[EventDate "2012.04.28"]

1. e4 c5 2. Nf3 d6 3. d4 cxd4 4. Nxd4 Nf6 5. Nc3 a6 6. Bg5 e6 7. f4 Be7 8. Qf3
Qc7 9. O-O-O Nbd7 10. Bd3 b5 11. Rhe1 Bb7 12. Qg3 b4 13. Nd5 exd5 14. exd5 Kd8
15. Nc6+ Bxc6 16. dxc6 Nc5 17. Bh4 Rg8 18. Bf5 Qxc6 19. Bxh7 g5 20. Qe3 Re8 21.
Bxg5 Kc7 22. Qd4 b3 23. Rxe7+ Rxe7 24. Qxf6 Rae8 25. axb3 Nxb3+ 26. Kb1 1/2-1/2

[Event "TCh-CHN 2012"]
[Site "Beijing CHN"]
[Date "2012.06.28"]
[Round "6"]
[White "Harika, Dronavalli"]
[Black "Tan, Zhongyi"]
[Result "1/2-1/2"]
[WhiteTitle "WIM"]
[BlackTitle "WGM"]
[WhiteElo "2501"]
[BlackElo "2438"]
[WhiteTeam "Chengdu"]
[BlackTeam "Chongqing"]
[WhiteFideId "5015197"]
[BlackFideId "8603642"]
[EventDate "2012.04.28"]

1. c4 e6 2. g3 Nf6 3. Bg2 d5 4. Nf3 Be7 5. O-O O-O 6. b3 b6 7. Bb2 Bb7 8. e3 c5
9. Nc3 dxc4 10. bxc4 Nc6 11. Qe2 Qc7 12. Rac1 Rfd8 13. Rfd1 a6 14. d3 Rab8 15.
Ba1 Ba8 16. Rb1 Na7 17. d4 Ne4 18. Ne5 Nxc3 19. Bxc3 Bxg2 20. Kxg2 cxd4 21. exd4
b5 22. Qe1 b4 23. Ba1 f6 24. Nd3 Qxc4 25. Nf4 Bd6 26. Qxe6+ Qxe6 27. Nxe6 Rdc8
28. Rbc1 a5 29. Nc5 Nb5 30. Bb2 Rc6 31. Na4 Rbc8 32. Rxc6 Rxc6 33. Rd2 Kf7 34.
Kf3 Rc4 35. Ke4 1/2-1/2

[Event "TCh-CHN 2012"]
[Site "Beijing CHN"]
[Date "2012.06.28"]
[Round "6"]
[White "Zhang, Pengxiang"]
[Black "Zeng, Chongsheng"]
[Result "0-1"]
[WhiteTitle "GM"]
[BlackTitle "IM"]
[WhiteElo "2591"]
[BlackElo "2435"]
[WhiteTeam "Hebei"]
[BlackTeam "Guangdong"]
[WhiteFideId "8600970"]
[BlackFideId "8603847"]
[EventDate "2012.04.28"]

1. d4 Nf6 2. c4 g6 3. Nc3 d5 4. cxd5 Nxd5 5. Bd2 Bg7 6. Nf3 O-O 7. e4 Nxc3 8.
Bxc3 Bg4 9. Qb3 Bxf3 10. gxf3 Nc6 11. d5 Nd4 12. Bxd4 Bxd4 13. O-O-O Be5 14. h4
h5 15. Kb1 Qd6 16. Be2 Qb6 17. Qxb6 cxb6 18. Bf1 Rac8 19. Bh3 Rc5 20. Rd2 Rd8
21. Rc2 Rd6 22. a4 Rf6 23. Bg2 Rf4 24. b4 Rc3 25. Rxc3 Bxc3 26. b5 Bd4 27. Kc2
Bxf2 28. Kd3 Kg7 29. Ke2 Bc5 30. Bh3 f5 31. exf5 gxf5 32. Ra1 Kf6 33. a5 bxa5
34. Rxa5 Rxh4 35. Bf1 Rd4 36. Ra2 Rxd5 37. Ra4 Bb6 38. Ke1 Rd4 39. Ra2 h4 40.
Rc2 Kg5 41. Rc8 Kf4 42. Ke2 Ba5 43. Rc2 e5 44. Kf2 Rd2+ 45. Rxd2 Bxd2 46. Bc4 h3
47. Bd5 Be3+ 48. Kf1 Kg3 0-1

[Event "TCh-CHN 2012"]
[Site "Beijing CHN"]
[Date "2012.06.28"]
[Round "6"]
[White "Li, Xueyi"]
[Black "Zhai, Mo"]
[Result "0-1"]
[BlackTitle "WFM"]
[WhiteElo "2076"]
[BlackElo "2262"]
[WhiteTeam "Guangdong"]
[BlackTeam "Hebei"]
[WhiteFideId "8605912"]
[BlackFideId "8600201"]
[EventDate "2012.04.28"]

1. d4 Nf6 2. c4 e6 3. Nc3 Bb4 4. e3 d5 5. a3 Be7 6. Bd3 O-O 7. Nge2 c5 8. O-O
Nc6 9. dxc5 dxc4 10. Bxc4 Ne5 11. Qxd8 Rxd8 12. Ba2 Bxc5 13. b4 Be7 14. e4 a5
15. b5 Nd3 16. Bg5 h6 17. Bh4 a4 18. Bb1 g5 19. Bg3 Nb2 20. e5 Nh5 21. Ra2 Nc4
22. Bc2 Nxa3 23. Bxa4 Nc4 24. Bb3 Rxa2 25. Bxa2 Nxg3 26. hxg3 Nxe5 27. f4 Ng4
28. Ne4 Kg7 29. Bb3 f5 30. N4c3 Bc5+ 31. Kh1 Rd2 32. Rc1 b6 33. Ra1 Kf6 34. Ra7
Bd7 35. Ra2 Rd6 36. Rb2 Bc8 37. Ng1 Rd3 38. Nce2 Bb7 39. Bc4 Rd1 40. Bb3 Re1 41.
Ra2 Ne3 0-1

[Event "TCh-CHN 2012"]
[Site "Beijing CHN"]
[Date "2012.06.28"]
[Round "6"]
[White "Ju, Wenjun"]
[Black "Ding, Yixin"]
[Result "1/2-1/2"]
[WhiteTitle "WGM"]
[BlackTitle "WGM"]
[WhiteElo "2557"]
[BlackElo "2350"]
[WhiteTeam "Shanghai"]
[BlackTeam "Zhejiang"]
[WhiteFideId "8603006"]
[BlackFideId "8602972"]
[EventDate "2012.04.28"]

1. Nf3 Nf6 2. c4 g6 3. b3 Bg7 4. Bb2 O-O 5. e3 c5 6. Be2 b6 7. O-O Bb7 8. Nc3 d5
9. d4 cxd4 10. exd4 Nc6 11. Qd2 dxc4 12. Bxc4 Nb4 13. Ne5 Nbd5 14. Nxd5 Bxd5 15.
Rfe1 Rc8 16. Rac1 Qd6 17. h3 e6 18. a4 Nd7 19. Bb5 Nxe5 20. dxe5 Qe7 21. Ba6
Rcd8 22. Qc3 Qg5 23. Bf1 f6 24. Qc7 fxe5 25. Bxe5 Bxe5 26. Rxe5 Qf4 27. Re2 Bxb3
28. Rc3 Qxc7 29. Rxc7 Rf7 30. Rc1 Rfd7 31. Ree1 Bxa4 32. Bc4 Rd1 33. Bxe6+ Kg7
34. Bg4 Rxe1+ 35. Rxe1 Re8 36. Ra1 b5 37. f4 Re7 38. Kf2 Bc2 39. Ra2 Bd3 40. Bd1
Bc4 41. Ra5 Rd7 42. Bf3 Rd2+ 43. Ke3 Ra2 44. Rxa2 Bxa2 45. Kd4 Kf6 46. g4 Bc4
47. Bg2 a5 48. Kc5 a4 49. Kb4 Be2 50. Be4 Bf1 51. h4 Be2 52. g5+ Ke6 53. Bc2 Bc4
54. Be4 Bd5 55. Bb1 Bc6 56. Bd3 Bd7 57. Be4 Kd6 58. Bf3 Be6 59. h5 Bd5 60. hxg6
hxg6 61. Bd1 Bb3 62. Bf3 Bd5 63. Bd1 Be4 64. Be2 Ke6 65. Bxb5 Bc2 66. Be8 Kf5
67. Ka3 Kxf4 68. Bxg6 Bxg6 1/2-1/2

[Event "TCh-CHN 2012"]
[Site "Beijing CHN"]
[Date "2012.06.28"]
[Round "6"]
[White "Zhang, Xiaowen"]
[Black "Wang, Xiaohui"]
[Result "1/2-1/2"]
[WhiteTitle "WGM"]
[BlackTitle "WIM"]
[WhiteElo "2354"]
[BlackElo "2209"]
[WhiteTeam "Shanghai"]
[BlackTeam "Zhejiang"]
[WhiteFideId "8603219"]
[BlackFideId "8603073"]
[EventDate "2012.04.28"]

1. e4 d6 2. Bc4 Nf6 3. d3 g6 4. Nf3 Bg7 5. O-O O-O 6. Bb3 Nc6 7. c3 e5 8. Re1 h6
9. Nbd2 Kh7 10. h3 d5 11. exd5 Nxd5 12. Nc4 Re8 13. Ba4 f6 14. Bc2 Be6 15. a4
Qd7 16. a5 Rad8 17. Ra4 Qf7 18. Ncd2 f5 19. Nb3 e4 20. Nfd4 Nxd4 21. Nxd4 Bd7
22. Ra3 exd3 23. Bxd3 Nf6 24. Rxe8 Rxe8 25. a6 b6 26. Nb5 Bxb5 27. Bxb5 Re5 28.
c4 Qe6 29. Re3 Rxe3 30. Bxe3 c6 31. c5 bxc5 32. Bf1 Nd7 33. b3 Be5 34. Qc1 Qxb3
35. Bxc5 Nxc5 36. Qxc5 Qb8 37. Qxc6 Qc7 38. Qe6 h5 39. g4 hxg4 40. hxg4 fxg4 41.
Qxg4 Qe7 42. Bd3 Qg7 43. Qh5+ Kg8 44. Bxg6 Kf8 45. Kf1 Qf6 46. Bd3 Bd4 47. f3
Bb6 48. Qf5 1/2-1/2

[Event "TCh-CHN 2012"]
[Site "Beijing CHN"]
[Date "2012.06.29"]
[Round "7"]
[White "Gong, Qianyun"]
[Black "Zhang, Jilin"]
[Result "1/2-1/2"]
[WhiteTitle "WIM"]
[BlackTitle "WGM"]
[WhiteElo "2302"]
[BlackElo "2257"]
[WhiteTeam "Qingdao"]
[BlackTeam "Shandong"]
[WhiteFideId "8602425"]
[BlackFideId "8602867"]
[EventDate "2012.04.28"]

1. d4 c5 2. d5 e6 3. e4 Nf6 4. Nc3 d6 5. Nf3 exd5 6. exd5 Be7 7. Be2 O-O 8. h3
Na6 9. O-O Nc7 10. a4 b6 11. Bf4 a6 12. Rb1 Bb7 13. Bc4 Qd7 14. b4 Qf5 15. Bg5
Ncxd5 16. Nxd5 Bxd5 17. Bxd5 Qxd5 18. Bxf6 Qxd1 19. Rfxd1 Bxf6 20. bxc5 bxc5 21.
Rxd6 Rfd8 22. Rc6 h6 23. g4 Bd4 24. Rb7 Rdc8 25. Rbb6 a5 26. Nxd4 cxd4 27. Kf1
Rd8 28. Rd6 Rdc8 29. Rbc6 Rxc6 30. Rxc6 Rb8 31. Rc4 Rb1+ 32. Ke2 Rh1 33. Rxd4
Rxh3 34. Kd2 Kf8 35. Rd5 Rf3 36. Ke2 Rf4 37. Rxa5 Rxg4 38. c3 g5 39. Ra8+ Ke7
40. a5 Ra4 41. Rh8 Rxa5 42. Rxh6 Ra2+ 43. Ke3 Rc2 44. Rc6 Kd7 45. Rc5 1/2-1/2

[Event "TCh-CHN 2012"]
[Site "Beijing CHN"]
[Date "2012.06.29"]
[Round "7"]
[White "Wen, Yang"]
[Black "Ma, Zhonghan"]
[Result "1/2-1/2"]
[WhiteTitle "GM"]
[WhiteElo "2549"]
[BlackElo "2369"]
[WhiteTeam "Shandong"]
[BlackTeam "Qingdao"]
[WhiteFideId "8602956"]
[BlackFideId "8607206"]
[EventDate "2012.04.28"]

1. d4 d6 2. Nf3 g6 3. c4 Bg7 4. g3 e5 5. dxe5 dxe5 6. Qxd8+ Kxd8 7. Bg2 c6 8.
O-O Kc7 9. Nc3 Be6 10. b3 f6 11. Rd1 Nh6 12. Ba3 Nf7 13. Rac1 Nd7 14. Nd2 f5 15.
Nd5+ Kb8 16. b4 Nb6 17. Ne7 e4 18. b5 cxb5 19. c5 Nd5 20. c6 Nxe7 21. Bxe7 Rc8
22. f3 bxc6 23. fxe4 a6 24. exf5 gxf5 25. Nb3 Ra7 26. Bb4 Rd7 27. Rxd7 Bxd7 28.
Rd1 Be6 29. Nc5 Rd8 30. Rxd8+ Nxd8 31. Nxe6 Nxe6 32. Bxc6 Nd4 33. Bd5 Nxe2+ 34.
Kf2 Nc3 1/2-1/2

[Event "TCh-CHN 2012"]
[Site "Beijing CHN"]
[Date "2012.06.29"]
[Round "7"]
[White "Pham, Le Thao Nguyen"]
[Black "Sun, Fanghui"]
[Result "1-0"]
[WhiteTitle "WGM"]
[WhiteElo "2531"]
[BlackElo "2136"]
[WhiteTeam "Qingdao"]
[BlackTeam "Shandong"]
[WhiteFideId "12401226"]
[BlackFideId "8604150"]
[EventDate "2012.04.28"]

1. Nf3 d5 2. d4 Nf6 3. Bf4 c6 4. e3 Bf5 5. c4 e6 6. Nc3 Be7 7. h3 h6 8. Qb3 Qb6
9. c5 Qxb3 10. axb3 Nbd7 11. b4 g5 12. Bh2 g4 13. Nd2 h5 14. b5 O-O 15. bxc6
bxc6 16. Ba6 gxh3 17. gxh3 Rab8 18. Bxb8 Rxb8 19. Ke2 Bd8 20. Bd3 Bxd3+ 21. Kxd3
a5 22. Kc2 e5 23. Nb3 exd4 24. exd4 Rb4 25. Ra4 Rxa4 26. Nxa4 h4 27. Nc3 Nh5 28.
Ne2 Ndf6 29. Nd2 Nh7 30. Nf3 Bf6 31. Ra1 1-0

[Event "TCh-CHN 2012"]
[Site "Beijing CHN"]
[Date "2012.06.29"]
[Round "7"]
[White "Zhai, Mo"]
[Black "Guo, Qi"]
[Result "1-0"]
[WhiteTitle "WFM"]
[BlackTitle "WGM"]
[WhiteElo "2262"]
[BlackElo "2351"]
[WhiteTeam "Hebei"]
[BlackTeam "Jiangsu"]
[WhiteFideId "8600201"]
[BlackFideId "8604002"]
[EventDate "2012.04.28"]

1. e4 c6 2. d4 d5 3. Nc3 dxe4 4. Nxe4 Bf5 5. Ng3 Bg6 6. h4 h6 7. Nf3 Nd7 8. h5
Bh7 9. Bd3 Bxd3 10. Qxd3 e6 11. Bd2 Ngf6 12. O-O-O Be7 13. Ne4 Qb6 14. Nxf6+
Bxf6 15. c4 Rd8 16. Kb1 c5 17. Qa3 Rc8 18. d5 O-O 19. g4 exd5 20. g5 hxg5 21. h6
g4 22. hxg7 Bxg7 23. cxd5 Qa6 24. Qxa6 bxa6 25. Nh4 Rb8 26. Bc1 f5 27. Rde1 c4
28. Ng6 Rf6 29. Ne7+ Kf8 30. Ng6+ Kg8 31. Ne7+ Kf8 32. Nc6 Rb5 33. Bg5 c3 34. b3
Rxd5 35. Bxf6 Nxf6 36. Ne7 Rc5 37. Ng6+ Kf7 38. Ne5+ Kg8 39. Nd3 Rd5 40. Ne5 Rc5
41. Nd3 Rd5 42. Kc2 Ne4 43. Re2 Ng5 44. Nf4 Ra5 45. a4 Nf3 46. Re8+ Kf7 47. Ra8
Nd4+ 48. Kxc3 Nc6+ 49. Kd2 Kf6 50. Nh5+ Kg6 51. Rg8 Rd5+ 52. Ke3 Re5+ 53. Kf4
Re4+ 54. Kg3 Re7 55. Rxg7+ Rxg7 56. Nxg7 Kxg7 57. Rc1 Nd4 58. Rc7+ Kg6 59. Rxa7
Kg5 60. Rxa6 f4+ 61. Kg2 f3+ 62. Kf1 Nxb3 63. Ra8 Nd2+ 64. Kg1 Ne4 65. a5 g3 66.
fxg3 Kg4 67. a6 Kxg3 68. Rg8+ 1-0

[Event "TCh-CHN 2012"]
[Site "Beijing CHN"]
[Date "2012.06.29"]
[Round "7"]
[White "Tan, Zhongyi"]
[Black "Ju, Wenjun"]
[Result "1/2-1/2"]
[WhiteTitle "WGM"]
[BlackTitle "WGM"]
[WhiteElo "2438"]
[BlackElo "2557"]
[WhiteTeam "Chongqing"]
[BlackTeam "Shanghai"]
[WhiteFideId "8603642"]
[BlackFideId "8603006"]
[EventDate "2012.04.28"]

1. d4 Nf6 2. c4 g6 3. Nf3 Bg7 4. g3 O-O 5. Bg2 d6 6. O-O Nc6 7. Nc3 Rb8 8. b3 a6
9. Bb2 b5 10. cxb5 axb5 11. Rc1 Bd7 12. Ne1 e6 13. Nb1 Rb6 14. Nd3 Qb8 15. a3
Ne7 16. Nd2 Bc6 17. e4 Bb7 18. Qe2 Nd7 19. b4 Rc6 20. Nb3 Nb6 21. Na5 Rxc1 22.
Rxc1 Ba8 23. Nf4 Na4 24. Ba1 Qb6 25. d5 Bxa1 26. Rxa1 e5 27. Nh3 c6 28. dxc6
Nxc6 29. Nxc6 Bxc6 30. Rc1 Bd7 31. Ng5 h6 32. Nf3 1/2-1/2

[Event "TCh-CHN 2012"]
[Site "Beijing CHN"]
[Date "2012.06.29"]
[Round "7"]
[White "Lou, Yiping"]
[Black "Gao, Rui"]
[Result "1/2-1/2"]
[WhiteTitle "IM"]
[BlackTitle "IM"]
[WhiteElo "2419"]
[BlackElo "2417"]
[WhiteTeam "Shanghai"]
[BlackTeam "Chongqing"]
[WhiteFideId "8603928"]
[BlackFideId "8602387"]
[EventDate "2012.04.28"]

1. d4 Nf6 2. c4 e6 3. Nc3 c5 4. d5 exd5 5. cxd5 d6 6. Nf3 g6 7. Bf4 a6 8. a4 Bg7
9. h3 O-O 10. e3 Nh5 11. Bh2 f5 12. Be2 f4 13. O-O Qe7 14. exf4 Nxf4 15. Re1 Nd7
16. Bxa6 Ne5 17. Bf1 Nxf3+ 18. Qxf3 Qf7 19. Kh1 g5 20. Bxf4 Qxf4 21. Qxf4 Rxf4
22. Re8+ Rf8 23. Rxf8+ Kxf8 24. Bb5 Bf5 25. Rc1 Be5 26. g4 Bg6 27. Kg2 Kg7 28.
f3 Rf8 29. b3 Bf4 30. Re1 Bd2 31. Re7+ Rf7 32. Rxf7+ Kxf7 33. Ne4 1/2-1/2

[Event "TCh-CHN 2012"]
[Site "Beijing CHN"]
[Date "2012.06.29"]
[Round "7"]
[White "Huang, Qian"]
[Black "Zhang, Xiaowen"]
[Result "1/2-1/2"]
[WhiteTitle "WGM"]
[BlackTitle "WGM"]
[WhiteElo "2399"]
[BlackElo "2354"]
[WhiteTeam "Chongqing"]
[BlackTeam "Shanghai"]
[WhiteFideId "8602689"]
[BlackFideId "8603219"]
[EventDate "2012.04.28"]

1. c4 Nf6 2. Nf3 g6 3. Nc3 Bg7 4. d4 O-O 5. g3 d6 6. Bg2 Nc6 7. O-O a6 8. b3 Rb8
9. Nd5 e6 10. Nxf6+ Qxf6 11. Bg5 Qf5 12. Qd2 Nxd4 13. Nxd4 Bxd4 14. Qxd4 Qxg5
15. Qa7 Bd7 16. Bxb7 a5 17. Rfd1 Rfd8 18. Bf3 Qc5 19. Qxc5 dxc5 20. Rd3 Kf8 21.
Rad1 Ke7 22. Re3 Kf6 23. Red3 Ke7 24. Re3 Kf6 25. Red3 Ke7 26. Re3 1/2-1/2

[Event "TCh-CHN 2012"]
[Site "Beijing CHN"]
[Date "2012.06.29"]
[Round "7"]
[White "Zhou, Jianchao"]
[Black "Wang, Chen"]
[Result "1-0"]
[WhiteTitle "GM"]
[BlackTitle "IM"]
[WhiteElo "2625"]
[BlackElo "2490"]
[WhiteTeam "Shanghai"]
[BlackTeam "Chongqing"]
[WhiteFideId "8603537"]
[BlackFideId "8601020"]
[EventDate "2012.04.28"]

1. d4 d5 2. c4 e6 3. Nc3 Nf6 4. cxd5 exd5 5. Bg5 c6 6. Qc2 Na6 7. a3 Nc7 8. e3
Ne6 9. Bh4 Be7 10. Bd3 g6 11. Nge2 Nh5 12. Bxe7 Qxe7 13. O-O O-O 14. b4 a6 15.
Na4 f5 16. Rae1 Bd7 17. Nc5 Nxc5 18. bxc5 Rae8 19. Qb1 Bc8 20. Nf4 Nf6 21. Bc2
Ng4 22. h3 Nf6 23. f3 Qc7 24. Qc1 g5 25. Nd3 Qg3 26. Qd2 Re7 27. Qf2 Qc7 28. Ne5
Nd7 29. f4 Nxe5 30. fxe5 Ref7 31. Qd2 Qe7 32. Rf2 g4 33. g3 gxh3 34. Kh2 Rg7 35.
Rf4 Rg4 36. Ref1 h5 37. Bd1 Kg7 38. Kxh3 Rg5 39. Kh2 Rh8 40. Qf2 Rh6 41. Bc2 h4
42. gxh4 Rgh5 43. Rg1+ Kf7 44. Bxf5 1-0

[Event "TCh-CHN 2012"]
[Site "Beijing CHN"]
[Date "2012.06.29"]
[Round "7"]
[White "Li, Shilong"]
[Black "Lu, Shanglei"]
[Result "0-1"]
[WhiteTitle "GM"]
[BlackTitle "GM"]
[WhiteElo "2549"]
[BlackElo "2514"]
[WhiteTeam "Guangdong"]
[BlackTeam "Zhejiang"]
[WhiteFideId "8600678"]
[BlackFideId "8603332"]
[EventDate "2012.04.28"]

1. d4 d5 2. c4 e6 3. Nc3 Nf6 4. Bg5 dxc4 5. e3 a6 6. Bxc4 b5 7. Qf3 Ra7 8. Bb3
Bb7 9. Qh3 h6 10. Nf3 c5 11. dxc5 Bxf3 12. gxf3 Bxc5 13. Rd1 Rd7 14. Ke2 Be7 15.
Bf4 Nc6 16. Rhg1 g6 17. Rxd7 Qxd7 18. Rd1 Qb7 19. Bg5 Nh5 20. Bxe7 Qxe7 21. Ne4
O-O 22. Ng3 Nxg3+ 23. hxg3 Rd8 24. Qxh6 Rxd1 25. Kxd1 Qf6 26. Qf4 Qxb2 27. Qe4
Ne5 28. Ke1 a5 29. f4 Ng4 30. Qc2 Qa1+ 31. Qd1 Qc3+ 32. Kf1 Nf6 33. Qc2 Nd5 34.
Qe4 Qc1+ 35. Kg2 Qc6 36. Kh2 a4 37. Bd1 Qc4 38. Qc2 Nc3 39. a3 Qa2 40. Kh3 Qxa3
41. Bg4 Qb3 42. Qc1 Qb1 0-1